000 00680nam a2200229Ia 4500
001 1607
003 GE_BSU
008 181216s||||||||xx |||||||||||||| ||und||
020 _a5520015155
040 _cGE_BSU
080 _a550.3(075.8)
100 _aშენგელაია,გ. და სხვ.
245 _aსაძიებო გეოფიზიკის კურსი.
245 _bსახელმძღვ.
260 _aთბ.
260 _bმეცნიერება.
260 _c1994.
300 _a382გვ;20სმ.
541 _h15 ლ.
653 _aსაძიებო გეოფიზიკის კურსი.
942 _cBK
999 _c35732
_d35732